Five Go Down To The Sea The Famous Five 12 (Record no. 586438)
[ view plain ]
| 000 -LEADER | |
|---|---|
| fixed length control field | 00358nam a22001337a 4500 |
| 020 ## - INTERNATIONAL STANDARD BOOK NUMBER | |
| International Standard Book Number | 9781444936421 |
| 040 ## - CATALOGING SOURCE | |
| Transcribing agency | NUST |
| 082 ## - DEWEY DECIMAL CLASSIFICATION NUMBER | |
| Classification number | 823 |
| Author Mark | BLY |
| 100 ## - MAIN ENTRY--PERSONAL NAME | |
| Personal name | Blyton, Enid |
| 9 (RLIN) | 11689 |
| 110 ## - MAIN ENTRY--CORPORATE NAME | |
| Corporate name or jurisdiction name as entry element | Soper, Eileen A |
| 9 (RLIN) | 81941 |
| 245 ## - TITLE STATEMENT | |
| Title | Five Go Down To The Sea The Famous Five 12 |
| 260 ## - PUBLICATION, DISTRIBUTION, ETC. | |
| Place of publication, distribution, etc. | London: |
| Name of publisher, distributor, etc. | Hodder Childrens Books Hachette, |
| Date of publication, distribution, etc. | 1997. |
| 942 ## - ADDED ENTRY ELEMENTS (KOHA) | |
| Source of classification or shelving scheme | |
| Koha item type | Book |
| Withdrawn status | Lost status | Source of classification or shelving scheme | Damaged status | Not for loan | Permanent Location | Current Location | Shelving location | Date acquired | Total Checkouts | Full call number | Barcode | Date last seen | Price effective from | Koha item type |
|---|---|---|---|---|---|---|---|---|---|---|---|---|---|---|
| College of Electrical & Mechanical Engineering (CEME) | College of Electrical & Mechanical Engineering (CEME) | General Stacks | 09/08/2021 | 823 BLY | CEME-50259 | 09/08/2021 | 09/08/2021 | Book |
